Bajesovskije metody statističeskogo ocenivanija Nadežnost' techničeskich ob'jektov

Guardado en:
Detalles Bibliográficos
Autor principal: Savčuk, Vladimir Pavlovič
Formato: Libro
Lenguaje:ruso
Publicado: Moskva Nauka 1989
Edición:1. izd.
Etiquetas: Agregar Etiqueta
Sin Etiquetas, Sea el primero en etiquetar este registro!

MARC

LEADER 00000nam a2200000 4500
001 c029723
005 20221215135248.7
041 0 |a rus 
044 |a RU 
245 1 0 |a Bajesovskije metody statističeskogo ocenivanija  |b Nadežnost' techničeskich ob'jektov  |c Vladimir Pavlovič Savčuk 
250 |a 1. izd. 
264 1 |a Moskva  |b Nauka  |c 1989 
300 |a 322 s. 
100 1 |a Savčuk, Vladimir Pavlovič